15 principaux pays touchés par Covid-19 - 10 août - Statistiques

Statistiques générales
  • Ce quiz a été pris 26 fois
  • Le résultat moyen est 12 sur 25
Statistiques - réponses
pays % Correct
Etats-Unis
100%
Brésil
92%
Inde
92%
Mexique
88%
Russie
80%
Royaume-Uni
76%
Espagne
72%
Colombie
64%
Pakistan
56%
Bangladesh
48%
Iran
48%
Pérou
48%
Chili
44%
Chili
44%
Suède
44%
Afrique du Sud
40%
Arabie Saoudite
32%
Israël
28%
Qatar
20%
Singapour
20%
Panama
16%
Arménie
12%
Bahreïn
12%
Oman
12%
Koweït
8%
Aucun quiz correspondant
Distribution des résultats
% des personnes avec chaque résultat
Percentile par nombre de réponses
Votre historique - résultats
Vous n’avez pas pris ce quiz